|
|
|
|
| LEADER |
00000nab a2200000 a 4500 |
| 001 |
vtls000934064 |
| 003 |
SK-MaSNL |
| 005 |
20260303034756.0 |
| 008 |
041209c20041116xo dr|p|||||||000 b|slo |
| 015 |
|
|
|a SNBRB2004/12
|2 snkbucl
|
| 038 |
|
|
|a SNKBUCL
|
| 040 |
|
|
|a SNKBUCL
|b slo
|c SNKBUCL
|e AACR2
|
| 041 |
0 |
|
|a slo
|
| 044 |
|
|
|a xo
|c SK
|
| 080 |
|
|
|a 796.966.093.1
|2 UDC-MRF-SK2
|
| 245 |
0 |
0 |
|a Hokejová ST extraliga - 28. kolo: Skalica prepásla trojgólový náskok
|
| 300 |
|
|
|b Fotogr., tab.
|
| 648 |
|
7 |
|a sezóna 2004/2005
|2 snkbucl
|9 848867
|
| 650 |
0 |
7 |
|a ľadový hokej
|2 snkbucl
|9 3231
|
| 650 |
0 |
7 |
|a extraliga
|2 snkbucl
|9 18992
|
| 650 |
0 |
7 |
|a 28. kolo
|2 snkbucl
|9 1020643
|
| 773 |
0 |
|
|t Šport
|g Roč. 58, č. 277 (1.12.2004), s. 6-7
|x 0139-7001
|
| 852 |
|
|
|a SNK
|b KIS3GCP
|
| 999 |
|
|
|c 1674749
|d 1676679
|